| 000 | 00461nam a2200205Ia 4500 | ||
|---|---|---|---|
| 005 | 20250425162703.0 | ||
| 008 | 250425s9999 xx 000 0 und d | ||
| 041 | _aeng | ||
| 043 | _ath | ||
| 082 | _a639.8 | ||
| 245 | 0 | _aWORLD AQUACULTURE 96 | |
| 250 | _aS.E | ||
| 260 | _aBANGKOK | ||
| 260 |
_aTailandia _bTHE WORLD AQUACULTURE SOCIETY _c1996 |
||
| 300 | _a498 | ||
| 650 | _aACUACULTURA | ||
| 650 | _aACUACULTURA | ||
| 942 | _c01 | ||
| 010 | _a96815 | ||
| 999 |
_c234363 _d234363 |
||